Sports Quiz

Random Sports or NBA Quiz

NBA Alma Maters Quiz Stats

 Plays Quiz Updated Jan 17, 2012

Support Sporcle.
Go Orange.
Score 0/40 Timer 06:00
10 Plays Today
Player College % Correct
Kevin DurantTexas
91.7%
Vince CarterNorth Carolina
91.4%
Shane BattierDuke
91.3%
Chris WebberMichigan
89.5%
Carmelo AnthonySyracuse
88.6%
Shaquille O'NealLSU
87.9%
Paul PierceKansas
86.8%
Allen IversonGeorgetown
83.7%
Tim DuncanWake Forest
82.2%
Dwyane WadeMarquette
81.7%
Michael BeasleyKansas State
73.9%
Hakeem OlajuwonHouston
67.4%
Andre IguodalaArizona
66.9%
Brandon RoyWashington
65%
Michael ReddOhio State
60.5%
John StocktonGonzaga
59.4%
Marcus CambyMassachusetts
58.3%
Stephon MarburyGeorgia Tech
57.2%
Wally SzczerbiakMiami (OH)
56.2%
Steve FrancisMaryland
55.9%
Player College % Correct
Chauncey BillupsColorado
55.4%
Ron ArtestSt. John's
54.6%
Devin HarrisWisconsin
54%
Kenyon MartinCincinnati
53.7%
Keith Van HornUtah
53.7%
Steve NashSanta Clara
51.3%
Anfernee HardawayMemphis
49.7%
Paul WestphalSouthern California
47.8%
Lamar OdomRhode Island
46.3%
David WestXavier
44%
Jerry WestWest Virginia
42.1%
Joe JohnsonArkansas
40.7%
Gary PaytonOregon State
40.5%
Mo WilliamsAlabama
40.1%
Kevin McHaleMinnesota
39%
Tom GugliottaNC State
38.4%
Danny GrangerNew Mexico
36.1%
Bill BradleyPrinceton
31.7%
Rod StricklandDePaul
20.4%
Theo RatliffWyoming
13.2%

You're not logged in!

Compare scores with friends on all Sporcle quizzes.
OR
Log In

From the Vault

'C' Natural World

by Cortez

This is a great way to 'C' the world.
Remove Ads.
Support Sporcle.
Get the best of Sporcle when you Go Orange. This ad-free experience offers more features, more stats, and more fun while also helping to support Sporcle. Thank you for becoming a member.

Show Comments

Extras

Top Quizzes Today


Score Distribution

Your Account Isn't Verified!

In order to create a playlist on Sporcle, you need to verify the email address you used during registration. Go to your Sporcle Settings to finish the process.

Report this User

Report this user for behavior that violates our Community Guidelines.

Details: